Visualizzazione normale
Vista MARC
- Satyananda Saraswati,
di Personal Name
Records bibliografici associati: 1
001 - CONTROL NUMBER
- control field: 29170
003 - CONTROL NUMBER IDENTIFIER
- control field: IT-RoINE
005 - DATE AND TIME OF LATEST TRANSACTION
- control field: 20161227094455.0
008 - FIXED-LENGTH DATA ELEMENTS
- fixed length control field: 161227|| aca||aabn | a|a d
040 ## - CATALOGING SOURCE
- Original cataloging agency: IT-RoINE
- Transcribing agency: IT-RoINE
100 0# - HEADING--PERSONAL NAME
- Personal name: Satyananda Saraswati,
- Titles and other words associated with a name: Swami,
- Dates associated with a name: 1923-2009
400 0# - SEE FROM TRACING--PERSONAL NAME
- Personal name: Paramhansa Swami Satyananda Saraswati,
- Dates associated with a name: 1923-2009
400 0# - SEE FROM TRACING--PERSONAL NAME
- Personal name: Sarasvatī, Satyānanda,
- Titles and other words associated with a name: Svāmī,
- Dates associated with a name: 1923-2009
670 ## - SOURCE DATA FOUND
- Source citation: Work cat.: (IT-RoINE)0: Jñānadeva, fl. 1290 29167, Amritanubhava :, 1994.